00965nam a2200253Ia 4500952010200000999001700102008004100119020001500160050002100175100003600196245006800232250001900300260003500319300002200354336001000376337001400386338001200400500004800412504004200460505012900502519004400631650002900675942000700704 00102lcc4070a03b03d2001-05-15l0oHF1007 T65 1993p03 001776r2012-07-20t1w2012-07-20yLB c79312d79312120720t19721993mx 000 0 spa d a9682316669 aHF1007bT65 199310aTorres Gaytán, Ricardoeautor10aTeoría del comercio internacionalc / Ricardo Torres Gaytán a18a. edición aMéxicob : Siglo XXIc, 1993 axi, 467 páginas atexto asin medio avolumen aIncluye: índice analítico (pp. 451-467) aIncluye: bibliografía (pp. 447-450) aTeoría pura del comercio internacional Aspectos monetarios del comercio internacional Economía nacional y sector externo aMaterial Complementario / d(03 001776)14aFINANZAS INTERNACIONALES cLB